Vista normal
Vista MARC
Entrada Término de materia
Número de registros utilizados en: 9
001 - NÚMERO DE CONTROL
- Campo de control: 31532
003 - IDENTIFICADOR DE NÚMERO DE CONTROL
- Campo de control: ES-MaCES
005 - FECHA Y HORA DE LA ULTIMA MODIFICACION
- Campo de control: 20040102144100.0
008 - ELEMENTOS DE DATOS DE LONGITUD FIJA
- Campo de longitud fija: 991123 | azznnbabn |n ana d
035 ## - NÚMERO DE CONTROL DEL SISTEMA
- Número de control del sistema: CES19990000965s
040 ## - FUENTE DE LA CATALOGACIÓN
- Agencia original de catalogación: ES-MaCES
- Idioma de catalogación: spa
- Agencia de transcripción: ES-MaCES
150 ## - ENCABEZAMIENTO--MATERIA
- Término de materia o geográfico como elemento de entrada: recurso de casación
670 ## - FUENTE DE DATOS ENCONTRADOS
- Fuente de citación: Eurovoc
901 ## - CES. DATOS SIRTEX
- ID Sirtex (N5N8): 0007700007713
- 005BIS Sirtex: 199911231124ALORITE

